Online Public Access Catalog -OPAC

The compang: the shareholder, the director, and the law (Record no. 11919)

MARC details
000 -LEADER
fixed length control field 00421nam a2200121Ia 4500
008 - FIXED-LENGTH DATA ELEMENTS--GENERAL INFORMATION
fixed length control field 180412s9999||||xx |||||||||||||| ||und||
020 ## - INTERNATIONAL STANDARD BOOK NUMBER
International Standard Book Number 9781563915
040 ## - CATALOGING SOURCE
Original cataloging agency Ahmadu Bello University Library - Zaria
100 ## - MAIN ENTRY--PERSONAL NAME
Personal name Irukwu, J. O.
245 #4 - TITLE STATEMENT
Title The compang: the shareholder, the director, and the law
Statement of responsibility, etc. J. O. Irukwu
260 ## - PUBLICATION, DISTRIBUTION, ETC.
Place of publication, distribution, etc. Enugu
Name of publisher, distributor, etc. Fourth Dimension Publishing
Date of publication, distribution, etc. 1994
300 ## - PHYSICAL DESCRIPTION
Extent x, 218p.
500 ## - GENERAL NOTE
General note Includes bibliographical reference and index

No items available.

Customized by ICT Technical Service Unit on 29th Dec 2022

Kashim Ibrahim Library